00793nam a22002417a 450000500170000001000110001702000100002803500110003803700160004904000120006508200150007710000300009224500570012226000460017927000390022530000200026450000200028465000220030465000240032694200240035099900190037495201580039320170124110008.0 a175678 c00.00 a175678 bCen Lib/Ret aDPLbEN a368.5bELL aElliott, Curtis M.917177 aProperty casuality insurance /cby Curtis M. Elliott aNew Yorkb McGraw Hill Book Companyc1960 bNew YorkaUnited States of America a200p.c19cm(Hb) aIncludes index  aInsurance 916071 aProperty law917178 2ddccENh368.5mELL c126301d126301 04104070aLbLd2015-06-25eCen Lib/Retg0.00l0o368.5 ELLp175678r2015-06-25 00:00:00t1v0.00w2015-06-25yENzW/d List No. 6887/4 ; dtd 09/09/2020